Kraje, w których zwierząt jest więcej niż ludzi - Statystyki

Ogólne statystyki
  • Ten quiz został rozwiązany 10 razy
  • Średni wynik to 5 z 10
Statystyki odpowiedzi
Opdowiedź % Poprawnych
Nowa Zelandia
100%
Australia
88%
Mongolia
75%
Islandia
63%
Argentyna
50%
Botswana
38%
Czad
38%
Urugwaj
38%
Namibia
25%
Sudan Południowy
13%
Nie znaleziono quizów pasujących do podanych kryteriów
Rozkład punktacji
Procent ludzi z każdym wynikiem
Percentyl według liczby udzielonych odpowiedzi
Twoja historia wyników
Nie rozwiązałeś tego quizu